[Event "Mumbai Mayors Cup 1st"]
[Site "Mumbai"]
[Date "2008.05.13"]
[Round "4"]
[White "Rathod, Gopal Ashok"]
[Black "Sarthak, Patel"]
[Result "1-0"]
[WhiteElo "2124"]
[BlackElo "1544"]
[PlyCount "117"]
[EventDate "2008.05.11"]
[EventType "swiss"]
[EventRounds "11"]
[EventCountry "IND"]
[SourceTitle "CBM 124 Extra"]
[Source "ChessBase"]
[SourceDate "2008.07.03"]
[SourceVersion "1"]
[SourceVersionDate "2008.07.03"]
[SourceQuality "1"]

1. e4 c5 2. Nf3 d6 3. Bb5+ Bd7 4. Bxd7+ Qxd7 5. 0-0 Nc6 6. c3 Nf6 7. Re1 g6 8. d4 cxd4 9. cxd4 e5 10. Nc3 Bg7 11. dxe5 dxe5 12. Nd5 Nxd5 13. exd5 0-0-0 14. Bg5 Qxd5 15. Bxd8 Qxd1 16. Raxd1 Rxd8 17. Ng5 Rxd1 18. Rxd1 Nd8 19. Nxh7 f6 20. g4 Nf7 21. Rd3 e4 22. Rd5 Ne5 23. h3 Kc7 24. Kf1 Nf3 25. g5 f5 26. Nf6 Kc6 27. Rd1 Nxg5 28. Rc1+ Kb5 29. Ne8 Be5 30. Nc7+ Kb6 31. Nd5+ Ka6 32. b4 Nxh3 33. a4 Nf4 34. Nxf4 Bxf4 35. Rd1 Kb6 36. Rd7 Ka6 37. Ke2 Kb6 38. Rg7 Be5 39. Rxg6+ Kc7 40. Rg5 Bd6 41. Rxf5 Bxb4 42. Rf4 Kd6 43. Rxe4 Bc3 44. Kd3 Bf6 45. f4 a6 46. f5 Be5 47. Rb4 Kc6 48. Ke4 Bf6 49. Rc4+ Kd6 50. a5 Kd7 51. Kd5 Bd8 52. Rb4 Bxa5 53. Rxb7+ Ke8 54. Ra7 Bb4 55. Ke6 Kf8 56. Rxa6 Kg7 57. f6+ Kh8 58. f7 Kg7 59. Ra4 1-0